Score 0/17 Timer 05:00
0 Plays Today
clubs they scored for player % Correct
Most for NewcastleAlan Shearer
93.8%
All for ArsenalThierry Henry
93.8%
Most for Manchester UnitedAndy Cole
83.3%
Most for NewcastleMichael Owen
82.1%
Most for LiverpoolRobbie Fowler
81.5%
Mostly for Manchester UnitedDwight Yorke
71.6%
Leeds, Chelsea and middlesboroughJimmy Floyd Hasselbaink
69.1%
Most for ArsenalIan Wright
67.3%
All for Manchester UnitedRyan Giggs
62.3%
clubs they scored for player % Correct
Most for Chelsea and ArsenalNicolas Anelka
58.6%
Mostly TottenhamRobbie Keane
53.1%
Mostly ChelseaFrank Lampard
53.1%
Whole bunch of clubsLes Ferdinand
49.4%
Mostly LiverpoolEmilie Heskey
34%
All for SouthamptonMatthew Le Tissier
27.2%
Most for Spurs and Manchester UnitedTeddy Sherringham
26.5%
Most for Manchester City and Aston VillaDion Dublin
15.4%

You're not logged in!

Compare scores with friends on all Sporcle quizzes.
OR
Log In

Sporcle TV

Today on Sporcle TV


Watch our educational content, quiz creation guides, and fun videos on Sporcle TV.

Show Comments

Extras

Top Quizzes Today


Score Distribution

Paid Content

Your Account Isn't Verified!

In order to create a playlist on Sporcle, you need to verify the email address you used during registration. Go to your Sporcle Settings to finish the process.

Report this User

Report this user for behavior that violates our Community Guidelines.

Details: